An introduction to social research (Record no. 1678)
[ view plain ]
| 000 -LEADER | |
|---|---|
| fixed length control field | 00578nam a2200229Ia 4500 |
| 003 - CONTROL NUMBER IDENTIFIER | |
| control field | 0100 |
| 008 - FIXED-LENGTH DATA ELEMENTS--GENERAL INFORMATION | |
| fixed length control field | 130227s9999 xx 000 0 und d |
| 040 ## - CATALOGING SOURCE | |
| Transcribing agency | ARRUPELIB |
| 050 ## - LIBRARY OF CONGRESS CALL NUMBER | |
| Classification number | H62.B576 |
| 100 ## - MAIN ENTRY--PERSONAL NAME | |
| Personal name | Blalock, Hubert M. |
| 245 #3 - TITLE STATEMENT | |
| Title | An introduction to social research |
| 260 ## - PUBLICATION, DISTRIBUTION, ETC. (IMPRINT) | |
| Place of publication, distribution, etc | Englewood Cliffs |
| 260 ## - PUBLICATION, DISTRIBUTION, ETC. (IMPRINT) | |
| Name of publisher, distributor, etc | Prentice-Hall |
| 260 ## - PUBLICATION, DISTRIBUTION, ETC. (IMPRINT) | |
| -- | 1970 |
| 300 ## - PHYSICAL DESCRIPTION | |
| Extent | 120p. |
| 300 ## - PHYSICAL DESCRIPTION | |
| Other physical details | 23 cm |
| 440 ## - SERIES STATEMENT/ADDED ENTRY--TITLE | |
| Title | Prentice-Hall general sociology series |
| 650 ## - SUBJECT ADDED ENTRY--TOPICAL TERM | |
| Topical term following geographic name as entry element | Germany - Politics - 1871- |
| 650 ## - SUBJECT ADDED ENTRY--TOPICAL TERM | |
| Location of event | Germany - Heer |
| 650 ## - SUBJECT ADDED ENTRY--TOPICAL TERM | |
| Active dates | Prussia - History |
| 942 ## - ADDED ENTRY ELEMENTS (KOHA) | |
| Source of classification or shelving scheme | Library of Congress Classification |
| Koha issues (borrowed), all copies | 2 |
| Withdrawn status | Lost status | Source of classification or shelving scheme | Damaged status | Not for loan | Collection code | Home library | Current library | Shelving location | Date acquired | Total Checkouts | Full call number | Barcode | Date last seen | Date last borrowed | Copy number | Price effective from | Koha item type |
|---|---|---|---|---|---|---|---|---|---|---|---|---|---|---|---|---|---|
| Library of Congress Classification | Main Collection | ARRUPE LIBRARY | ARRUPE LIBRARY | 27/02/2013 | 3 | H62.B576 | 46402692 | 23/04/2018 | 06/02/2018 | 1 | 27/02/2013 | Monograph ( Printed materials) |